<?xml version="1.0" encoding="UTF-8"?>
<marc:record xmlns:marc="http://www.loc.gov/MARC21/slim">
   <marc:leader>00000nam a2200000 a 4500</marc:leader>
   <marc:datafield ind1="1" ind2=" " tag="100">
      <marc:subfield code="a">Hāladāra, Bebī</marc:subfield>
      <marc:subfield code="4">aut</marc:subfield>
      <marc:subfield code="e">Verfasser/-in</marc:subfield>
   </marc:datafield>
   <marc:datafield ind1="1" ind2=" " tag="100">
      <marc:subfield code="a">Hafner, Annemarie</marc:subfield>
      <marc:subfield code="4">trl</marc:subfield>
      <marc:subfield code="e">Übersetzer/-in</marc:subfield>
   </marc:datafield>
   <marc:datafield ind1="1" ind2=" " tag="100">
      <marc:subfield code="a">Hāladāra, Bebī</marc:subfield>
   </marc:datafield>
   <marc:datafield ind1=" " ind2=" " tag="653">
      <marc:subfield code="a">Junge Frau</marc:subfield>
   </marc:datafield>
   <marc:datafield ind1=" " ind2=" " tag="653">
      <marc:subfield code="a">Unterprivilegierung</marc:subfield>
   </marc:datafield>
   <marc:datafield ind1=" " ind2=" " tag="653">
      <marc:subfield code="a">Selbstbestimmung</marc:subfield>
   </marc:datafield>
   <marc:datafield ind1="0" ind2="0" tag="245">
      <marc:subfield code="a">Vom Dunkel ins Licht</marc:subfield>
   </marc:datafield>
   <marc:datafield ind1="0" ind2="0" tag="245">
      <marc:subfield code="b">kein ganz gewöhnliches Leben</marc:subfield>
   </marc:datafield>
   <marc:datafield ind1="0" ind2="0" tag="245">
      <marc:subfield code="c">Baby Halder. Aus dem Engl. von Annemarie Hafner</marc:subfield>
   </marc:datafield>
   <marc:datafield ind1=" " ind2="1" tag="264">
      <marc:subfield code="a">Zürich</marc:subfield>
      <marc:subfield code="b">Unionsverl.</marc:subfield>
      <marc:subfield code="c">2012</marc:subfield>
   </marc:datafield>
   <marc:datafield ind1="1" ind2=" " tag="490">
      <marc:subfield code="a">Unionsverlag-Taschenbuch</marc:subfield>
      <marc:subfield code="v">566</marc:subfield>
   </marc:datafield>
   <marc:datafield ind1="1" ind2=" " tag="520">
      <marc:subfield code="a">Angaben aus der Verlagsmeldung

Vom Dunkel ins Licht : Kein ganz gewöhnliches Leben A Life Less Ordinary / von Baby Halder

Im Alter von sieben Jahren von der Mutter im Stich gelassen, wächst Baby Halder in armen und zerrütteten Familienverhältnissen auf. Mit zwölf Jahren muss sie einen doppelt so alten Mann heiraten. Mit dreizehn – selbst noch ein Kind – wird sie zum ersten Mal Mutter. Ihr Ehemann behandelt sie schlecht und schlägt sie.
Baby Halder entschließt sich, ihren Mann zu verlassen. Sie steigt mit ihren Kindern in den Zug nach Delhi und findet eine Stelle als Haushaltshilfe. Obwohl sie nur wenige Jahre selbst zur Schule gegangen ist, beginnt sie, ihre Lebensgeschichte zu schreiben – ermutigt durch ihren Dienstherrn Prabodh Kumar, der ihr Erzähltalent entdeckt. Ihr Buch wird eine Sensation und geht um die Welt.
</marc:subfield>
   </marc:datafield>
   <marc:datafield ind1=" " ind2=" " tag="020">
      <marc:subfield code="a">9783293205666</marc:subfield>
      <marc:subfield code="9">9783293205666</marc:subfield>
   </marc:datafield>
   <marc:datafield ind1=" " ind2=" " tag="041">
      <marc:subfield code="a">ger</marc:subfield>
   </marc:datafield>
   <marc:datafield ind1=" " ind2=" " tag="300">
      <marc:subfield code="a">248 S.</marc:subfield>
   </marc:datafield>
</marc:record>
